Warship Silhouettes - Picture Quiz - Statistics

General Stats
  • This quiz has been taken 63 times
  • The average score is 4 of 8
Answer Stats
Picture Answer % Correct
USS Iowa
88%
KMS Bismarck
80%
USS Enterprise
65%
USS Fletcher
53%
Admiral Kuznetsov
35%
HMS Leander
29%
Moskva
25%
HMAS Hobart
4%
No matching quizzes found
Score Distribution
Percent of People with Each Score
Percentile by Number Answered
Your Score History
You have not taken this quiz